<?xml version="1.0" encoding="UTF-8"?>
<collection xmlns="http://www.loc.gov/MARC21/slim">
<record>
  <controlfield tag="001">156643</controlfield>
  <controlfield tag="005">20251017144548.0</controlfield>
  <datafield tag="024" ind1="7" ind2=" ">
    <subfield code="2">doi</subfield>
    <subfield code="a">10.1016/j.rx.2017.08.004</subfield>
  </datafield>
  <datafield tag="024" ind1="8" ind2=" ">
    <subfield code="2">sideral</subfield>
    <subfield code="a">104639</subfield>
  </datafield>
  <datafield tag="037" ind1=" " ind2=" ">
    <subfield code="a">ART-2018-104639</subfield>
  </datafield>
  <datafield tag="041" ind1=" " ind2=" ">
    <subfield code="a">spa</subfield>
  </datafield>
  <datafield tag="100" ind1=" " ind2=" ">
    <subfield code="a">Montejo Gañán, I.</subfield>
  </datafield>
  <datafield tag="245" ind1=" " ind2=" ">
    <subfield code="a">Estadificación mediante tomografía computarizada del carcinoma de páncreas</subfield>
  </datafield>
  <datafield tag="260" ind1=" " ind2=" ">
    <subfield code="c">2018</subfield>
  </datafield>
  <datafield tag="520" ind1="3" ind2=" ">
    <subfield code="a">El carcinoma de páncreas es una neoplasia cada vez más frecuente en nuestro medio, y su elevada tasa de mortalidad apenas ha variado en las dos últimas décadas. Un diagnóstico inicial precoz y una estadificación precisa son primordiales para desarrollar una correcta actitud terapéutica, con el fin de mejorar la supervivencia en aquellos pacientes en los que la resección completa es posible y minimizar la morbimortalidad quirúrgica en pacientes con alto riesgo de enfermedad residual tras la intervención. Existen diversas técnicas de imagen implicadas en la estadificación tumoral: la tomografía computarizada multidetector, la resonancia magnética, la PET-TC, la ecoendoscopia y la laparoscopia diagnóstica. Actualmente, la tomografía computarizada multidetector es la técnica de elección para el estudio de este tipo de neoplasias. Por ello, el propósito de este artículo es revisar el estado actual de la estadificación del adenocarcinoma de páncreas, basándose principalmente en las aplicaciones y limitaciones de esta técnica.    Pancreatic carcinoma is becoming more common in our environment; the mortality rate for this tumor has barely changed over the last 20 years. Early diagnosis and accurate staging are crucial to ensure an appropriate therapeutic approach, which should aim to improve survival in patients in whom complete resection is possible and to minimize surgical morbidity and mortality in those with a high risk of residual disease after the intervention. Various imaging techniques are used for tumor staging: multidetector computed tomography (CT), magnetic resonance imaging, positron emission tomography (PET)-CT, endoscopic ultrasound, and diagnostic laparoscopy. Currently, multidetector CT is the technique of choice for the study of pancreatic tumors; thus, this article aims to review the state of the art in staging adenocarcinoma of the pancreas, focusing mainly on the applications and limitations of this technique.</subfield>
  </datafield>
  <datafield tag="540" ind1=" " ind2=" ">
    <subfield code="9">info:eu-repo/semantics/closedAccess</subfield>
    <subfield code="a">All rights reserved</subfield>
    <subfield code="u">http://www.europeana.eu/rights/rr-f/</subfield>
  </datafield>
  <datafield tag="592" ind1=" " ind2=" ">
    <subfield code="a">0.205</subfield>
    <subfield code="b">2018</subfield>
  </datafield>
  <datafield tag="593" ind1=" " ind2=" ">
    <subfield code="a">Radiology, Nuclear Medicine and Imaging</subfield>
    <subfield code="c">2018</subfield>
    <subfield code="d">Q4</subfield>
  </datafield>
  <datafield tag="655" ind1=" " ind2="4">
    <subfield code="a">info:eu-repo/semantics/article</subfield>
    <subfield code="v">info:eu-repo/semantics/publishedVersion</subfield>
  </datafield>
  <datafield tag="700" ind1=" " ind2=" ">
    <subfield code="a">Ángel Ríos, L.F.</subfield>
  </datafield>
  <datafield tag="700" ind1=" " ind2=" ">
    <subfield code="a">Sarría Octavio de Toledo, L.</subfield>
    <subfield code="u">Universidad de Zaragoza</subfield>
  </datafield>
  <datafield tag="700" ind1=" " ind2=" ">
    <subfield code="a">Martínez Mombila, M.E.</subfield>
  </datafield>
  <datafield tag="700" ind1=" " ind2=" ">
    <subfield code="a">Ros Mendoza, L.H.</subfield>
    <subfield code="u">Universidad de Zaragoza</subfield>
    <subfield code="0">(orcid)0000-0003-2367-0536</subfield>
  </datafield>
  <datafield tag="710" ind1="2" ind2=" ">
    <subfield code="1">1010</subfield>
    <subfield code="2">770</subfield>
    <subfield code="a">Universidad de Zaragoza</subfield>
    <subfield code="b">Dpto. Pediatría Radiol.Med.Fís</subfield>
    <subfield code="c">Área Radiol. y Medicina Física</subfield>
  </datafield>
  <datafield tag="773" ind1=" " ind2=" ">
    <subfield code="g">60, 1 (2018), 85-89</subfield>
    <subfield code="p">Radiología</subfield>
    <subfield code="t">Radiologia</subfield>
    <subfield code="x">0033-8338</subfield>
  </datafield>
  <datafield tag="856" ind1="4" ind2=" ">
    <subfield code="s">2597249</subfield>
    <subfield code="u">http://zaguan.unizar.es/record/156643/files/texto_completo.pdf</subfield>
    <subfield code="y">Versión publicada</subfield>
  </datafield>
  <datafield tag="856" ind1="4" ind2=" ">
    <subfield code="s">1633944</subfield>
    <subfield code="u">http://zaguan.unizar.es/record/156643/files/texto_completo.jpg?subformat=icon</subfield>
    <subfield code="x">icon</subfield>
    <subfield code="y">Versión publicada</subfield>
  </datafield>
  <datafield tag="909" ind1="C" ind2="O">
    <subfield code="o">oai:zaguan.unizar.es:156643</subfield>
    <subfield code="p">articulos</subfield>
    <subfield code="p">driver</subfield>
  </datafield>
  <datafield tag="951" ind1=" " ind2=" ">
    <subfield code="a">2025-10-17-14:10:50</subfield>
  </datafield>
  <datafield tag="980" ind1=" " ind2=" ">
    <subfield code="a">ARTICLE</subfield>
  </datafield>
</record>
</collection>